000 01321nam a22003497a 4500
003 CHAP
005 20220329140326.0
008 971013s1982 r 00010 d
010 _a50444
011 _a51416
035 _a55566
040 _cCHAP
090 _aTesis
100 0 0 _aRodríguez de la Garza, Héctor Manuel.
_998432
245 _aDeterminación de la eficiencia y costo de varios mateirales para impedir la evaporación de superficies de agua libre bajo condiciones de semidesierto
260 _aMonterrey, N. L. :
_bEl autor,
_c1982
300 _a76 h.
_b: ilus. ; gráfs. ; tablas
502 _aTesis (Ing. Agr. en Producción Agropecurio) -- ITESM. División de Ciencias Agropecuarias y Marítimas
590 _aALEPH
_b10
_c20130110
_lUCH01
_h1325
590 _aBATCH-UPD
_b10
_c20130110
_lUCH01
_h0242
590 _aBATCH-UPD
_b10
_c20130110
_lUCH01
_h1738
590 _aBATCH-UPD
_b10
_c20130409
_lUCH01
_h2309
590 _aBATCH-UPD
_b10
_c20130410
_lUCH01
_h1406
590 _aBATCH-UPD
_b10
_c20130914
_lUCH01
_h1334
590 _aCONVERSION
_b10
_c20130109
_lUCH01
_h1327
650 1 4 _aAgua para irrigacion
_xRegiones aridas.
_92440
650 1 4 _aEvaporación.
_938964
650 1 4 _aPlásticos en agricultura.
_989199
901 _aBK
942 _cTESIS
949 _bBC
_cTES
_d-121826
_eTS1
_i55566
_si
999 _c50444
_d50444